Bandeiras dos Países e Estados soberanos na década de 1930 - Statistics

Estatísticas Gerais
  • Esse quiz foi jogado 19 vezes
  • A pontuação média é 62 de 87
Estatísticas das Respostas
Imagem Resposta % Correto
Chile
100%
Colômbia
100%
Equador
100%
Haiti
100%
Liechtenstein
100%
Venezuela
100%
Albânia
89%
Argentina
89%
Austrália
89%
Áustria
89%
Bolívia
89%
Cuba
89%
Dinamarca
89%
El Salvador
89%
Espanha Franquista
89%
Estados Unidos
89%
Estônia
89%
Finlândia
89%
França
89%
Guatemala
89%
Honduras
89%
Império Etíope
89%
Islândia
89%
Letônia
89%
Libéria
89%
Lituânia
89%
Luxemburgo
89%
Nicarágua
89%
Noruega
89%
Nova Zelândia
89%
Países Baixos
89%
Paraguai
89%
Reino Unido
89%
República da Espanha
89%
San Marino
89%
Sião, Tailândia
89%
Suécia
89%
Suíça
89%
Turquia
89%
União Soviética
89%
Uruguai
89%
Afeganistão
78%
Alemanha
78%
Andorra
78%
Arábia Saudita
78%
Bélgica
78%
Brasil
78%
Costa Rica
78%
Irlanda
78%
Japão
78%
México
78%
Mônaco
78%
Nepal
78%
Panamá
78%
Peru
78%
Polônia
78%
Portugal
78%
Reino da Itália
78%
República Dominicana
78%
República Soviética da China
78%
Romênia
78%
Vaticano
78%
Bulgária
67%
Hungria
67%
Iugoslávia
67%
Mongólia
67%
República da China
67%
Checoslováquia
56%
Tibete
56%
Canada
44%
Irã, Pérsia
44%
Terra Nova
44%
União Sul Africana
44%
Grécia
33%
Reino do Egito
33%
Governo Provisorio da China, Hebei Oriental
22%
Raj Britanico
22%
Reino do Iêmen
22%
Reino do Iraque
22%
Sultanato de Muscat e Omã
22%
Tunna Tuva
22%
Turquestão Oriental
22%
Cidade Livre de Danzigue
11%
Povo de Fujian
11%
Reino de Négede e Hejaz
11%
República de Ararate
11%
Sultanato de Aussa
11%
Nenhum quiz correspondente encontrado
Distribuição das Pontuações
Porcentagem de Pessoas com Cada Pontuação
Percentil de Números Respondidos
Sua Pontuação Histórica
Você não jogou esse quiz